Biblioteca y Centro de Documentación

El modelo organizativo-institucional del sector público (Registro nro. 4009)

Detalles MARC
000 -CABECERA
Longitud fija campo de control 01280nam a2200337 c 4500
001 - NÚMERO DE CONTROL
Número de control 4009
003 - IDENTIFICADOR DE NÚMERO DE CONTROL
Identificador del número de control ES-MaCES
005 - FECHA Y HORA DE LA ÚLTIMA TRANSACCIÓN
Fecha y hora de la última transacción 20141221121707.0
008 - CAMPO FIJO DE DESCRIPCIÓN FIJA--INFORMACIÓN GENERAL
Códigos de información de longitud fija   960528s1996 sp ||| | spa d
035 ## - NÚMERO DE CONTROL DEL SISTEMA
Número de control del sistema CES19980040419m
040 ## - FUENTE DE CATALOGACIÓN
Centro catalogador de origen ES-MaCES
Lengua de catalogación spa
Centro transcriptor ES-MaCES
100 1# - ENCABEZAMIENTO PRINCIPAL--NOMBRE PERSONAL
Nombre de persona Onrubia Fernández, Jorge
9 (RLIN) 19971
245 13 - MENCIÓN DE TÍTULO
Título El modelo organizativo-institucional del sector público
Resto del título : la necesaria compatibilidad de los aspectos micro y macroeconómicos
Mención de responsabilidad, etc. Jorge Onrubia Fernández
260 ## - PUBLICACIÓN, DISTRIBUCIÓN, ETC (PIE DE IMPRENTA)
Lugar de publicación, distribución, etc. [Madrid?]
Nombre del editor, distribuidor, etc. Instituto de Estudios Fiscales
Fecha de publicación, distribución, etc. [1996]
300 ## - DESCRIPCIÓN FÍSICA
Extensión 49 p.
Dimensiones 25 cm
490 1# - MENCIÓN DE SERIE
Mención de serie Papeles de trabajo
Designación de volumen o secuencia 6-96
504 ## - NOTA DE BIBLIOGRAFÍA, ETC.
Nota de bibliografía, etc. Bibliografía: p. 45-49
541 ## - NOTA DE LA FUENTE INMEDIANTE DE ADQUISICIÓN
Forma de adquisición Gratuito
650 #4 - ASIENTO SECUNDARIO DE MATERIA--TÉRMINO DE MATERIA
Término de materia o nombre geográfico como elemento inicial sector público
9 (RLIN) 27150
650 #4 - ASIENTO SECUNDARIO DE MATERIA--TÉRMINO DE MATERIA
Término de materia o nombre geográfico como elemento inicial organización institucional
9 (RLIN) 27196
650 #4 - ASIENTO SECUNDARIO DE MATERIA--TÉRMINO DE MATERIA
Término de materia o nombre geográfico como elemento inicial investigación en la administración empresarial
9 (RLIN) 30349
650 #4 - ASIENTO SECUNDARIO DE MATERIA--TÉRMINO DE MATERIA
Término de materia o nombre geográfico como elemento inicial reforma administrativa
9 (RLIN) 27223
650 #4 - ASIENTO SECUNDARIO DE MATERIA--TÉRMINO DE MATERIA
Término de materia o nombre geográfico como elemento inicial teoría económica
9 (RLIN) 27076
650 #4 - ASIENTO SECUNDARIO DE MATERIA--TÉRMINO DE MATERIA
Término de materia o nombre geográfico como elemento inicial España
9 (RLIN) 26964
653 10 - TÉRMINO DE INDEXACIÓN--NO CONTROLADO
Término no controlado Administración-Instituciones públicas
710 1# - ENCABEZAMIENTO SECUNDARIO--NOMBRE CORPORATIVO
Nombre de entidad o nombre de jurisdicción como elemento inicial Instituto de Estudios Fiscales (Madrid)
Término indicativo de función ed.
9 (RLIN) 4158
830 #0 - ENCABEZAMIENTO SECUNDARIO DE COLECCIÓN--TÍTULO UNIFORME
Título uniforme Papeles de trabajo (Instituto de Estudios Fiscales (Madrid))
Designación de volumen o secuencia 6-96
9 (RLIN) 32314
902 ## - CES. TIPO DE DOCUMENTO
Tipodoc (006$c Sirtex) DOC Literatura gris
942 ## - ELEMENTOS KOHA
Fuente de clasificaión o esquema Clasificación propia del CES
Koha [por defecto] tipo de item Monografías
Parte de clasificación 6.3.
Existencias
Número de registro Signatura completa Tipo de item de Koha
014510 DOC-6.3.-33 Monografías
© CES, Consejo Económico y Social de España 2021